000 00647cab a2200217 4500
001 WB2443-02
008 090401t1988 xxu||||| |||| 00| 0 eng d
035 _a(Sirsi) u58897
041 _aeng
245 _aFarmland prices
260 _c1988
350 _a0
490 _aMAFF Statistics
_v237/88 20 October 1988, 5 pages (Loan)
520 _aDetails on the sales of agricultural land in England during the three months up to 30 June 1988, based on all transactions notified to the Inland Revenue.
650 _aFARMLAND
650 _aPRICES
650 _aSales
_96269
690 _aRURAL PRACTICE
942 _n0
948 _c04/03/1997
999 _c36026
_d36026